000 01074cam a2200289 i 4500
999 _c62674
_d62674
001 62674
003 Mx-PuUPA
005 20191008160411.0
008 140415s2002 mx r 000 0 spa d
020 _a9688635847
040 _aMX-PuUPA
_bspa
_erda
_cMx-PuUPA
_dMx-PuUPA
041 _aspa
100 1 _aBorisovna, Liudmila,
_eautor
_93200
245 1 0 _aVivir un espacio :
_bmovilidad geográfica de la población Huejotzingo, Puebla, 1970-1999 /
_cLudmila Borisovna Biriukova.
250 _aPrimera edición
264 1 _aPuebla, Pue. :
_bInstituto de Ciencias Sociales y Humanidades, Benemérita Universidad Autónoma de Puebla,
_c2002
300 _a294 páginas ;
_c23 cm.
336 _atexto
_2rdacontent
_btxt
337 _asin medio
_2rdamedia
_bn
338 _avolumen
_2rdacarrier
_bnc
650 4 _aMigración interna
_zMéxico
_zHuejotzingo
650 4 _aMigración interna
_zMéxico
651 4 _aHuejotzingo (México)
_xEmigración e inmigración
942 _2ddc
_cLI
_h304.873072
_iB726